000 00423nam a2200169 a 4500
001 0000-8742
003 ELIB.Books
008 110520 1962
035 _a(ELIB.Books)0000-8888
082 _a230
_bEbe
100 _aEbeling, Gerhard
245 _aTheology and Proclamation
260 _bPhiladelphia: Fortress Press
_c1962
650 _aTheology
942 _2ddc
_cBK
998 _cbat
_e2011-05-20
999 _c8742
_d8742